Statistics for Splatoon Side Order

Click here to take the quiz!

General Stats

  • This quiz has been taken 31 times
  • The average score is 10 of 12

Answer Stats

HintAnswer% Correct
Who is with you in the elevator?Acht
100%
What Is Pearl?Drone
100%
Do you fight Marina?Yes
100%
What agent are you?Agent 8
97%
What can Marina do?Hack
93%
Who is your partner?Pearl
93%
What do you climb?The Spire
86%
What is originally the highest point in the Spire?Floor 10
76%
What is the highest point of The Spire?Floor 30
76%
What is the final boss of Side Order?Overlord
76%
What is your first weapon?The Order Dualies
66%
What are the main enemies called?Jelletons
62%

Score Distribution

Percentile by Number Answered

Percent of People with Each Score

Your Score History

You have not taken this quiz